| 000 | 00549nam a22001817a 4500 | ||
|---|---|---|---|
| 005 | 20251204145811.0 | ||
| 008 | 240831b |||||||| |||| 00| 0 eng d | ||
| 020 | _a978-93-5466-476-2 | ||
| 041 | _aeng | ||
| 082 | _a611 CHA-H | ||
| 100 | _a CHAURASIA B.D | ||
| 245 | _a HUMAN ANATOMY: REGIONAL AND APPLIED DISSECTION AND CLINICAL [ LOWER LIMB ABDOMEN AND PELVIS] VOL-2 | ||
| 250 | _a9TH ED. 2023 | ||
| 260 |
_aNEW DELHI _bCBS PUBLISHERS & DISTRIBUTORS PVT.LTD |
||
| 300 | _a532;P | ||
| 650 |
_aPARAMEDICAL _xBMLT/BMIRT _98847 |
||
| 942 | _cBK | ||
| 999 |
_c8617 _d8615 |
||